00365nam a2200121Ia 450000500170000000800410001708200130005810000210007124500520009226000360014430000120018050000510019220250405155044.0240331s9999 xx 000 0 und d bSITa894 aSittampalam, S.K 0aPandaya eelathil thamilar :boru panmukapparvai aJaffnabJaffna Universityc2000 a73 p ., aPandaiya ilathil tamilar - oru panmugappaarvai